[Event "DOM-ch"]
[Site "Santo Domingo"]
[Date "2017.04.23"]
[Round "4"]
[White "King Soriano, Misael"]
[Black "Reyes Perez, Eury Luis"]
[Result "1-0"]
[WhiteElo "1983"]
[BlackElo "1895"]
[PlyCount "87"]
[EventDate "2017.04.21"]
[EventType "swiss"]
[EventRounds "11"]
[EventCountry "DOM"]
[SourceTitle "CBM 178 Extra"]
[Source "ChessBase"]
[SourceDate "2017.06.22"]
[SourceVersion "1"]
[SourceVersionDate "2017.06.22"]
[SourceQuality "1"]

1. e4 e5 2. Nf3 Nc6 3. Nc3 Nf6 4. Bb5 Bc5 5. d3 d6 6. Bg5 h6 7. Bh4 a6 8. Bxc6+ bxc6 9. h3 Rb8 10. Na4 Ba7 11. b3 Qe7 12. Qd2 g5 13. Bg3 Nh5 14. 0-0-0 c5 15. Nb2 Ng7 16. Nh2 Rb4 17. f3 Nh5 18. Be1 Bd7 19. Nf1 Nf4 20. Ne3 Be6 21. g3 Ng6 22. Na4 Qd7 23. Nc3 c6 24. g4 d5 25. a3 Rb8 26. Na2 Qb7 27. Nf5 Bxf5 28. exf5 Ne7 29. h4 Rg8 30. hxg5 hxg5 31. f6 Ng6 32. Qxg5 c4 33. dxc4 Bc5 34. b4 dxc4 35. Bc3 Qb6 36. Qf5 Be3+ 37. Kb2 Qc7 38. Qe4 a5 39. Qxe3 axb4 40. axb4 c5 41. Rd5 cxb4 42. Bxe5 Nxe5 43. Rxe5+ Kf8 44. Qh6+ 1-0